=LDR 00000nam 2200000 4500 =001 INLIS000000000011222 =005 20130612102816 =008 ***********************************Ind** =035 ##$$0010-061300000011222 =041 ##$$a Ind =082 ##$$a 330.07 =090 ##$$a 330.07, Dan p =100 ##$$a daniel AR, Endang =245 ##$$a Penuntun belajar ekonomi I, berdasar kan kurikulum baru GBPP 1994 untuk SMU kelas I cawu I, II dan III, Drs.Endang Daniel AR; Dra I Heraini =260 ##$$a 1994 $b Bandung =300 ##$$a 246 hlm, 21 cm =700 ##$$a Heraini T =850 ##$$a NBPNMAT